Historia del pensamiento socialista. (Registro nro. 22306)
[ vista simple ]
| 000 -LEADER | |
|---|---|
| fixed length control field | 01394cam a2200349 i 4500 |
| 001 - CONTROL NUMBER | |
| control field | 22306 |
| 003 - CONTROL NUMBER IDENTIFIER | |
| control field | Mx-PuUPA |
| 005 - DATE AND TIME OF LATEST TRANSACTION | |
| control field | 20240410103732.0 |
| 008 - FIXED-LENGTH DATA ELEMENTS--GENERAL INFORMATION | |
| fixed length control field | 140415s1958 mx gr 000 e spa d |
| 040 ## - CATALOGING SOURCE | |
| Original cataloging agency | Mx-PuUPA |
| Language of cataloging | spa |
| Transcribing agency | Mx-PuUPA |
| Modifying agency | Mx-PuUPA |
| Description conventions | rda |
| 041 1# - LANGUAGE CODE | |
| Language code of text/sound track or separate title | spa |
| 100 1# - MAIN ENTRY--PERSONAL NAME | |
| Personal name | Cole, G. D. H., |
| Fuller form of name | (George Douglas Howard), |
| 9 (RLIN) | 13970 |
| Dates associated with a name | 1889-1959, |
| Relator term | autor |
| 240 10 - UNIFORM TITLE | |
| Uniform title | A history of socialist thought. |
| Number of part/section of a work | II. |
| Name of part/section of a work | Marxism and anarchism (1850-1980). |
| Language of a work | Español |
| 245 10 - TITLE STATEMENT | |
| Title | Historia del pensamiento socialista. |
| Number of part/section of a work | II. |
| Name of part/section of a work | Marxismo y anarquismo 1850-1890 / |
| Statement of responsibility, etc. | G.D.G Cole ; traducción de Rubén Landa |
| 250 ## - EDITION STATEMENT | |
| Edition statement | Primera edición |
| 264 #1 - PRODUCTION, PUBLICATION, DISTRIBUTION, MANUFACTURE, AND COPYRIGHT NOTICE | |
| Place of production, publication, distribution, manufacture | México, D.F. : |
| Name of producer, publisher, distributor, manufacturer | Fondo de Cultura Económica, |
| Date of production, publication, distribution, manufacture, or copyright notice | 1958 |
| 300 ## - PHYSICAL DESCRIPTION | |
| Extent | 439 páginas ; |
| Dimensions | 20 cm |
| 336 ## - CONTENT TYPE | |
| Fuente | rdacontent |
| Content type term | texto |
| Content type code | txt |
| 337 ## - MEDIA TYPE | |
| Source | rdamedia |
| Media type term | sin medio |
| Media type code | n |
| 338 ## - CARRIER TYPE | |
| Source | rdacarrier |
| Carrier type term | volumen |
| Carrier type code | nc |
| 490 0# - SERIES STATEMENT | |
| Series statement | Sección de Obras de Sociología |
| 650 #7 - SUBJECT ADDED ENTRY--TOPICAL TERM | |
| Topical term or geographic name entry element | Socialismo |
| General subdivision | Historia |
| Source of heading or term | armarc |
| 650 #7 - SUBJECT ADDED ENTRY--TOPICAL TERM | |
| Source of heading or term | armarc |
| Topical term or geographic name entry element | Anarquismo |
| 650 #7 - SUBJECT ADDED ENTRY--TOPICAL TERM | |
| Source of heading or term | armarc |
| Topical term or geographic name entry element | Comunismo |
| 650 #7 - SUBJECT ADDED ENTRY--TOPICAL TERM | |
| Source of heading or term | armarc |
| Topical term or geographic name entry element | Marxismo |
| 650 #7 - SUBJECT ADDED ENTRY--TOPICAL TERM | |
| Source of heading or term | armarc |
| Topical term or geographic name entry element | Socialismo |
| 700 1# - ADDED ENTRY--PERSONAL NAME | |
| Personal name | Landa, Rubén, |
| Relator term | traductor |
| 765 0# - ORIGINAL LANGUAGE ENTRY | |
| Main entry heading | Cole, G. D. H., (George Douglas Howard), 1889-1959, |
| Place, publisher, and date of publication | Londres : Macmillan and Co., 1953 |
| Title | A history of socialist thought. II. Marxism and anarchism (1850-1980). |
| 942 ## - ADDED ENTRY ELEMENTS (KOHA) | |
| Source of classification or shelving scheme | Dewey Decimal Classification |
| Classification part | 320.531 |
| Koha item type | Libro |
| Item part | C683 |
| Withdrawn status | Lost status | Source of classification or shelving scheme | Damaged status | Not for loan | Collection code | Home library | Current library | Shelving location | Date acquired | Source of acquisition | Serial Enumeration / chronology | Total Checkouts | Full call number | Barcode | Date last seen | Price effective from | Koha item type |
|---|---|---|---|---|---|---|---|---|---|---|---|---|---|---|---|---|---|
| Dewey Decimal Classification | General | Biblioteca Karol Wojtyla | Biblioteca Karol Wojtyla | Sala general | 03/12/2013 | Compra | v.2 | 320.531 C683 1958 | 4283 | 05/01/2026 | 03/12/2013 | Libro |